000 00619nam a2200229Ia 4500
003 OSt
005 20230509095217.0
008 210423s2001 xx 000 0 und d
020 _a978-0-486-43924-2
040 _cAL
041 _aeng
082 _a530.141 PANC
100 _aPANOFSKY (Wolfgang K H);PHILLIPS (Melba).
_9100240
245 _aClassical electricity and magnetism Ed 2
250 _a2
260 _aNew York
_bDover publications
_c2001
300 _axvi,494
_bPB
365 _b1946.75
_cUSD
650 _aPhysics
_9100241
906 _aClassical ; Ed ; electricity ; magnetism
942 _2ddc
_cBK
999 _c165513
_d165513